01017nam a2200313 b 4500001000900000003000900009005001700018007000900035008004100044016001600085017002000101020001500121035000600136040002200142080000600164100003100170245015400201260002600355300002700381490002300408600001800431700002500449830002300474942001200497945003800509952010300547956003800650999001500688 0303520DO-SdBNP20180126093942.0 0303520930104s1991 sp | |||| ||spa d7 a z 2BPMSU aM 14377-1991b  a8434833867 a  aBPMSUbspacBPMSU 4a 1 aVázquez, Germánd1961-10aEn busca del mar del Sur :bNúñez de Balboa y el descubrimiento del océano Pacífico /cGermán Vázquez ; ilustraciones de Gustavo Oteroh  aMadrid : bSM, c1991 a73 p. : bil. ;c21 cm aEl gran encuentro 24a d x v 2 1 aOtero, Gustavoeil.  aEl gran encuentro  2ddccBK aInventariado extranjero / 2018 VM 00102ddc40708CGaBPMETbBPMETd2016-04-25eFUNDIl0pBPMSU16040683r2016-04-25w2016-04-25yBK aVMATEO2103201604256BPMSU80069 c9917d9917